O abuso de poder na atuação do Ministério Público / (Record no. 42)

MARC details
000 -LÍDER
Campo Fixo de Controle 00878cam a2200253 a 4500
001 - NÚMERO DE CONTROLE
Campo de Controle 42
003 - IDENTIFICAÇÃO DO NÚMERO DE CONTROLE
Campo de Controle BR-CuiBMT
005 - DATA E HORA DA ÚLTIMA ATUALIZAÇÃO
Campo de Controle 20231117125856.0
008 - DADOS FIXOS
Dados Fixos 230807s2019 mgba 000 0 por d
020 ## - INTERNATIONAL STANDARD BOOK NUMBER
Nº do ISBN 9788545006534
040 ## - AGÊNCIA CATALOGADORA
Código da Agência Catalogadora BR-CuiBMT
Agência que transcreveu o registro BR-CuiBMT
080 ## - Nº DA CLASSIFICAÇÃO DECIMAL UNIVERSAL
Nº Class. CDU 347.963:343.353
Nº edição CDU 2007
090 ## - NÚMERO DE CHAMADA
Nº classificação 347.963:343.353
Cutter B523o
100 1# - ENTRADA PRINCIPAL -- AUTOR PESSOAL
Nome pessoal Bernardino, Talitha Braz
245 12 - TÍTULO PRINCIPAL
Título principal O abuso de poder na atuação do Ministério Público /
Indicação de responsabilidade Talitha Braz Bernardino ; prefácios Sebastião Botto de Barros Tojal, Márcio Cammarosano.
260 ## - PUBLICAÇÃO, DISTRIBUIÇÃO, ETC.
Local de publicação Belo Horizonte :
Editora Fórum,
Data 2019.
300 ## - DESCRIÇÃO FÍSICA
N. páginas ou volumes 129 p. :
Ilustrações il. ;
Dimensões 22 cm
504 ## - NOTA DE BIBLIOGRAFIA, ETC.
Nota de bibliografia Inclui bibliografia.
650 ## - ASSUNTO TÓPICO
Cabeçalho tópico ou nome geográfico Ministério público
Subdivisão geral Poderes e atribuições
Subdivisão geográfica Brasil
650 ## - ASSUNTO TÓPICO
Cabeçalho tópico ou nome geográfico Abuso de poder
Subdivisão geral Ministério público
Subdivisão geográfica Brasil
650 ## - ASSUNTO TÓPICO
Cabeçalho tópico ou nome geográfico Direito constitucional
650 ## - ASSUNTO TÓPICO
Cabeçalho tópico ou nome geográfico Direito administrativo
942 ## - ELEMENTOS DE ENTRADA ADICIONAIS (KOHA)
Fonte de classificação ou esquema de arquivamento Classificação Decimal Universal
Tipo de item do Koha Livros
Holdings
Estado: removido Estado: perdido Fonte de classificação ou esquema de arquivamento Estado: danificado Indisponível para empréstimo Localização permanente Localização atual Data de aquisição Total Checkouts Número de Chamada completo Código de barras Date last seen Número do exemplar Preço efetivo a partir de Tipo de item (Koha)
    Classificação Decimal Universal     Biblioteca da Escola Superior de Contas do TCE/MT Biblioteca da Escola Superior de Contas do TCE/MT 28/06/2023   347.963:343.353 B523o BIBTCEMT23080018 07/08/2023 Ex. 1 07/08/2023 Livros

Powered by Koha